[Event "Continental op 48th"]
[Site "Sturbridge"]
[Date "2018.08.20"]
[Round "9"]
[White "Tanaka, Taira Tyler"]
[Black "Falcao, Wesley"]
[Result "0-1"]
[WhiteElo "2007"]
[BlackElo "2148"]
[PlyCount "84"]
[EventDate "2018.08.16"]
[EventType "swiss"]
[EventRounds "9"]
[EventCountry "USA"]
[SourceTitle "CBM 186 Extra"]
[Source "ChessBase"]
[SourceDate "2018.08.24"]
[SourceVersion "1"]
[SourceVersionDate "2018.08.24"]
[SourceQuality "1"]

1. e4 c5 2. Nf3 a6 3. c4 e6 4. d4 cxd4 5. Nxd4 Nf6 6. Nc3 d6 7. Be3 Be7 8. Be2 0-0 9. 0-0 Bd7 10. Qd2 Nc6 11. Rfd1 Qc7 12. Rac1 Rfc8 13. a3 Be8 14. b4 Ne5 15. h3 Qb8 16. Qa2 b6 17. f4 Nc6 18. Bd3 Ra7 19. Qf2 Bd8 20. Nf3 Ra8 21. Qg3 Nd7 22. h4 Bf6 23. h5 h6 24. Qh3 Bxc3 25. Rxc3 e5 26. Qg3 Kh8 27. Nh4 Ne7 28. Be2 Nf6 29. Bf3 Bc6 30. Rcd3 Nxe4 31. Bxe4 Bxe4 32. Rxd6 Rxc4 33. fxe5 b5 34. Rd7 Qe8 35. R1d6 Nf5 36. Nxf5 Bxf5 37. Bxh6 Rg4 38. Bxg7+ Rxg7 39. Qe3 Bxd7 40. Qh6+ Kg8 41. Qf6 Rc8 42. h6 Rg6 0-1

[Event "New York Int op 11th"]
[Site "New York"]
[Date "2018.06.17"]
[Round "8"]
[White "Tsay, Vincent"]
[Black "Falcao, Wesley"]
[Result "1-0"]
[WhiteElo "2143"]
[BlackElo "2169"]
[PlyCount "131"]
[EventDate "2018.06.13"]
[EventType "swiss"]
[EventRounds "9"]
[EventCountry "USA"]
[SourceTitle "CBM 185 Extra"]
[Source "ChessBase"]
[SourceDate "2018.07.29"]
[SourceVersion "1"]
[SourceVersionDate "2018.07.29"]
[SourceQuality "1"]

1. d4 Nf6 2. c4 e6 3. g3 Bb4+ 4. Bd2 Be7 5. Bg2 d5 6. Nf3 c6 7. Qb3 b6 8. Nc3 0-0 9. 0-0 Ba6 10. cxd5 cxd5 11. Rac1 Qd7 12. Ne5 Qb7 13. Nb5 Bxb5 14. Qxb5 a6 15. Qb3 Nfd7 16. f4 Ra7 17. e3 Rc8 18. Bb4 Nxe5 19. fxe5 Bg5 20. Qd3 Nc6 21. Bd6 Raa8 22. h4 Bh6 23. g4 g6 24. g5 Bf8 25. e4 Nd8 26. exd5 exd5 27. Bxf8 Kxf8 28. Qa3+ Qe7 29. Bxd5 Qxa3 30. bxa3 Rxc1 31. Rxc1 Ra7 32. Bb3 Rd7 33. d5 Re7 34. Rc8 Ke8 35. e6 fxe6 36. dxe6 Ra7 37. a4 Ke7 38. Rc1 Kd6 39. Rd1+ Ke7 40. Kh2 Rc7 41. Rd7+ Rxd7 42. exd7 Kxd7 43. Bg8 Ke7 44. Bxh7 Kf7 45. h5 gxh5 46. Kg3 Ne6 47. Kh4 Nf4 48. Bc2 Kg7 49. Bd1 Kg6 50. Bf3 a5 51. Be4+ Kg7 52. Bc2 Kf7 53. Bd1 Kg6 54. Bf3 Kf5 55. Bc6 Kg6 56. Be8+ Kg7 57. Bxh5 Nxh5 58. Kxh5 Kh7 59. g6+ Kg7 60. Kg5 Kg8 61. Kf6 Kf8 62. g7+ Kg8 63. Kg6 b5 64. axb5 a4 65. Kf6 a3 66. b6 1-0

[Event "New York Int op 11th"]
[Site "New York"]
[Date "2018.06.16"]
[Round "6"]
[White "Mahajan, Rushaan"]
[Black "Falcao, Wesley"]
[Result "1/2-1/2"]
[WhiteElo "1810"]
[BlackElo "2169"]
[PlyCount "75"]
[EventDate "2018.06.13"]
[EventType "swiss"]
[EventRounds "9"]
[EventCountry "USA"]
[SourceTitle "CBM 185 Extra"]
[Source "ChessBase"]
[SourceDate "2018.07.29"]
[SourceVersion "1"]
[SourceVersionDate "2018.07.29"]
[SourceQuality "1"]

1. d4 Nf6 2. Bf4 e6 3. e3 b6 4. Nf3 Bb7 5. Be2 Be7 6. h3 d6 7. 0-0 Nbd7 8. c4 Ne4 9. Nbd2 Nxd2 10. Qxd2 f5 11. Bh2 g5 12. d5 e5 13. Qc2 0-0 14. g4 fxg4 15. hxg4 a5 16. Rad1 Nc5 17. Nd2 c6 18. Ne4 cxd5 19. Nxc5 bxc5 20. cxd5 Qd7 21. f3 Ba6 22. Bxa6 Rxa6 23. Bg3 Rb6 24. Be1 e4 25. Qxe4 Rxb2 26. Bxa5 Ra8 27. Bc3 Ra4 28. Qe6+ Qxe6 29. dxe6 Rc2 30. Be1 Raxa2 31. Rf2 c4 32. Rxc2 Rxc2 33. Bb4 Kg7 34. Bxd6 Kf6 35. Bxe7+ Kxe7 36. Rd7+ Kxe6 37. Rxh7 Re2 38. Rc7 1/2-1/2

[Event "New York Int op 11th"]
[Site "New York"]
[Date "2018.06.14"]
[Round "2"]
[White "Korley, Kassa"]
[Black "Falcao, Wesley"]
[Result "1-0"]
[WhiteElo "2420"]
[BlackElo "2169"]
[PlyCount "71"]
[EventDate "2018.06.13"]
[EventType "swiss"]
[EventRounds "9"]
[EventCountry "USA"]
[SourceTitle "CBM 185 Extra"]
[Source "ChessBase"]
[SourceDate "2018.07.29"]
[SourceVersion "1"]
[SourceVersionDate "2018.07.29"]
[SourceQuality "1"]

1. Nf3 Nf6 2. c4 e6 3. g3 c5 4. Bg2 d5 5. 0-0 Nc6 6. d4 Bd7 7. cxd5 Nxd5 8. e4 Nf6 9. d5 Nb4 10. a3 Qa5 11. Nc3 c4 12. Ne5 Qa6 13. Bg5 Nd3 14. Nxd3 cxd3 15. Bxf6 gxf6 16. Qf3 e5 17. Rad1 Bc5 18. Rxd3 Qd6 19. Qh5 Ke7 20. Bh3 Be8 21. Bf5 b5 22. b4 Bb6 23. Rc1 a5 24. Na2 Bd4 25. bxa5 h6 26. Nb4 Kf8 27. a6 Bb2 28. Rb1 Bd4 29. Kg2 Qc5 30. Rf3 Qd6 31. Rc1 Bc5 32. Rfc3 Bxb4 33. axb4 Rxa6 34. Rc8 Ra2 35. R1c7 Kg7 36. Qg6+ 1-0